书目信息 |
| 题名: |
复变函数
|
|
| 作者: | 吴敏 , 洪毅 , 刘深泉 编著 | |
| 分册: | ||
| 出版信息: | 广州 华南理工大学出版社 2006.08 |
|
| 页数: | 184页 | |
| 开本: | 24cm | |
| 丛书名: | 国家工科数学课程教学基地建设系列教材 | |
| 单 册: | ||
| 中图分类: | O174.5 | |
| 科图分类: | ||
| 主题词: | 复变函数--fu bian han shu--高等学校--教材 | |
| 电子资源: | ||
| ISBN: | 7-5623-2469-7 | |
| 000 | 01079nam 2200289 450 | |
| 001 | 012007371640 | |
| 005 | 20071106100401.15 | |
| 010 | @a7-5623-2469-7@dCNY22.50 | |
| 100 | @a20070924d2006 km y0chiy0120 ea | |
| 101 | 0 | @achi |
| 102 | @aCN@b440000 | |
| 105 | @ay z 000yy | |
| 106 | @ar | |
| 200 | 1 | @a复变函数@Afu bian han shu@f吴敏, 洪毅, 刘深泉编著@Fwu min,hong yi,liu shen quan bian zhu |
| 205 | @a第2版 | |
| 210 | @a广州@c华南理工大学出版社@d2006.08 | |
| 215 | @a184页@d24cm | |
| 225 | 2 | @a国家工科数学课程教学基地建设系列教材@Aguo jia gong ke shu xue ke cheng jiao xue ji di jian she xi lie jiao cai@i精品课程教材 |
| 330 | @a本书内容包括:复数与复变函数、解析函数、复变函数的积分、无穷级数、留数理论及其应用、保形映射等六章。 | |
| 410 | 0 | @12001 @a国家工科数学课程教学基地建设系列教材@i精品课程教材 |
| 606 | 0 | @a复变函数@Afu bian han shu@x高等学校@j教材 |
| 690 | @aO174.5@v4 | |
| 701 | 0 | @a吴敏@Awu min@4编著 |
| 701 | 0 | @a洪毅@Ahong yi@4编著 |
| 701 | 0 | @a刘深泉@Aliu shen quan@4编著 |
| 801 | 0 | @aCN@b@c20071106 |
| 905 | @b263717-19@dO174.5@eW835@f3 | |
| 复变函数/吴敏, 洪毅, 刘深泉编著.-第2版.-广州:华南理工大学出版社,2006.08 |
| 184页;24cm.-(国家工科数学课程教学基地建设系列教材.精品课程教材) |
| ISBN 7-5623-2469-7:CNY22.50 |
| 本书内容包括:复数与复变函数、解析函数、复变函数的积分、无穷级数、留数理论及其应用、保形映射等六章。 |
| ● |
| 相关链接 |
|
|
|
正题名:复变函数
索取号:O174.5/W835
 
预约/预借
| 序号 | 登录号 | 条形码 | 馆藏地/架位号 | 状态 | 备注 |
| 1 | 263717 | 202637174 | 自科库401/401自科库 44排7列5层/ [索取号:O174.5/W835] | 在馆 | |
| 2 | 263718 | 202637183 | 自科库401/401自科库 44排7列5层/ [索取号:O174.5/W835] | 在馆 | |
| 3 | 263719 | 202637192 | 自科库401/401自科库 44排7列5层/ [索取号:O174.5/W835] | 在馆 |